Statistiques concernant Géographie française - quiz multi-choix

Cliquez ici pour prendre le quiz!

Statistiques générales

  • Ce quiz a été pris 3,122 fois
  • Le résultat moyen est 15 sur 20

Statistiques - réponses

Question Answer % Correct
Quelle ville est la Capitale du pays?Paris
100%
Quelle mer ne touche pas les côtes françaises?Noire
96%
Quelle frontière se trouve près de Lille?Franco-belge
95%
Quel pays parmi les suivants n'est pas limitrophe de la France métropolitaine?Pays-Bas
95%
Quel est le département correspondant au n°1?Ain
94%
Quelle région française est le plus à l'ouest du pays (territoires d'outres-mer exclus)?Bretagne
93%
Quelle région française parmi celles-ci n'a aucun accès direct à la mer?Bourgogne-Franche-Comté
90%
Lequel de ces départements a un accès à la mer?Pyrénées-Orientales
80%
Le point culminant de la France est le mont Blanc. À quelle altitude culmine-t-il?4810 mètres
78%
Quel territoire d'outre-mer se trouve dans l'océan Pacifique?Nouvelle-Calédonie
77%
Depuis la réforme mise en place le 1er janvier 2016, le nombre de régions françaises a été réduit de 27 à 18. Parmi ces noms de régions, lequel désigne encore une région française actuelle?Pays de la Loire
77%
Quel fleuve est entièrement en France?Loire
76%
Quel fleuve se jette dans l'océan Atlantique?Garonne
72%
Quel massif montagnard voit culminer le Puy de Sancy?Massif Central
70%
Quelle région a le plus grand P.I.B par habitants? (chiffres de 2017)Île-de-France
70%
Lequel de ces départements n'a AUCUN accès à la mer?Vaucluse
68%
Parmi les villes suivantes, laquelle n'est pas chef-lieu de sa région?Caen
64%
Parmi les numéros de départements ci-dessous, lequel correspond à la Réunion?974
53%
Lequel de ces départements est en Occitanie?Aveyron
49%
Quelle sommet NE se trouve PAS en France?Mont Rose
24%

Distribution des résultats

Percentile par nombre de réponses

% des personnes avec chaque résultat

Votre développement - résultats

Vous n’avez pas pris ce quiz